Quizzes
Events
Quiz Creation
Community
Videos
Private Events
Remove Ads
Sign In
Join for FREE
Feedback
Dark Mode
Quiz Categories
Sports
Geography
Music
Movies
Television
Just For Fun
Miscellaneous
History
Literature
Language
Science
Gaming
Entertainment
Religion
Holiday
For Kids
Quiz Lab
Recent
Popular Today
Quiz Kudos Today
Editor Picks
Curator Picks
Quizzes by...
Day
Popularity
Type
Ratings
Length
Year
Community
Subscriptions
Recent Discussions
Orange Saloon
Badges
Playlists
Quests
Create
Leaderboards
Showdown
Live 5
Trivia Bingo
Activity
Puzzle Library
Sporcle Events
Private Events
Virtual Trivia
Globe League
Become a Host
Pub Owners
SporcleCon
Opinionation
Our Games
Videos
Blog
Mobile Apps
Partnerships
Remove Ads and Go Orange
Feedback
Music
Pop Music
The Beatles
Song
Album
Lyrics
Bands
Singers
Artist
Clip
Rock
Rap
Classical
Billboard
Country Music
Kpop
Taylor Swift
Music
Pop Music
The Beatles
Song
Album
Lyrics
Bands
Singers
Artist
Clip
Rock
Rap
Classical
Billboard
Country Music
Kpop
Taylor Swift
Random Quiz
Search Sporcle
×
Quiz Lab
Quiz Lab
Music
Artist
Type in answers that appear in a list
Type in answers that appear in a list
Classic
Best Score? Go Orange.
Kiss 108 top 30 count down Stats
Can you name the kiss 108 top 30 count down?
By
horselover96
12m
30 Questions
268 Plays
268 Plays
268 Plays
Comments
Comments
Give Quiz Kudos
Give Quiz Kudos
-
- Ratings
hide this ad
Replay
Link that replays current quiz
Next Quiz
Link to next quiz in quiz playlist
You Got
0%
They Got
Avg Score
43%
Avg Friend Score
Upgrade to see
Score Distribution
Jump to the score distribution portion of the page
Score
0/30
Timer
12:00
0
Plays Today
artist
song
% Correct
Ke$ha
Tik Tok
89.6%
Owl City
Fireflies
75.7%
Lady Gaga
Bad Romance
73.9%
Iyaz
Replay
72.4%
Jay-
Z ft. Alicia Keys
Empire State of Mind
57.1%
Miley Cyrus
Party in the USA
54.1%
David Guetta ft. Akon
Sexy Chick
53.4%
Jason Derulo
In My Head
51.5%
Justin Bieber
One Time
51.1%
Lady Gaga
Telephone
47.4%
Orianthi
According to You
47%
Jason Derulo
Whatcha say
46.6%
Boys Like Girls ft. Taylor Swift
Two is Better Than One
45.9%
Cascada
Evacuate the Dance Floor
44%
Lady Gaga
Paparazzi
43.3%
artist
song
% Correct
Black Eyed Peas
Imma Be
42.2%
Ke$ha
Blah Blah Blah
41.8%
Kris Allen
Live Like We're Dying
38.4%
Jay Sean ft. Sean Paul
Do You Remember
36.2%
Black Eyed Peas
Meet Me Halfway
35.4%
Taylor Swift
Fifteen
34%
Rihanna
Hard
32.5%
Kelly Clarkson
Already Gone
27.2%
One republic
All the Right Moves
25.7%
Timbaland ft. Justin Timberlake
Carry Out
25%
Adam Lambert
Whataya Want From Me
23.9%
Beyonce
Sweet Dreams
23.9%
Colbie Caillat
Fallin For You
23.9%
New Boys ft Ray J
Tie Me Down
17.2%
Britany Spears
3
10.8%
Quiz Playlist
Details
Report
Send in Message
Add To Playlist
Classic:
Type in answers that appear in a list
Last Updated: Feb 16, 2017
Quiz Scoreboard
CHALLENGE
Sign Up to Join the Scoreboard
Show All
Scores
Hide
Comments
May contain spoilers
Recently Published
NBA Finals Game Top Scorers (2010s)
by flibbidy
Sports
5m
Guess the 'R' Things in 3 Words
by MSUKent
Miscellaneous
3m
Actor to Badly Drawn Movie III
by MoMosMoProblems
Movies
5m
More to Explore
Quiz From the Vault
Featured Blog Post
Where Does Lost Luggage Go?
hide this ad
You Might Also Like...
Tags
Artist Quiz
Song Quiz
108
count
Down
kiss
Today's Top Quizzes in Music
Browse Music
hide this ad
Today's Top Quizzes in Artist
Browse Artist
Top Contributed Quizzes in Music
1
Taylor Swift All Songs (2024)
2
Image Sorting: Rock Albums II
3
Image Sorting: Rock Albums III
4
Image Sorting: Rock Albums IV
5
Image Sorting: Rock Albums V
6
Image Sorting: Rock Albums VI
7
Adjectives in 80s Songs
8
Taylor Swift Logic Puzzle
9
Image Sorting: Album Titles
10
Nickname Match: Musicians
Explore More
Trending Topics
Harry Potter
Anime
NBA
Crossword
Marvel
Disney
Kpop
Pokémon
Puzzle
Soccer
WWE
Song
Country
The Office
NFL
hide this ad
More By:
horselover96
Quiz
Plays
Rating
Category
Featured
Created
full house characters
1,001
1.86
Television
Jan 24, 2010
states with highest teen pregnacy rate
407
5.00
Miscellaneous
Jan 31, 2010
J girl names
403
2.30
Miscellaneous
Jul 6, 2010
kiss 108 top 30 count down
268
2.25
Music
Feb 6, 2010
countries with the largest population
176
2.50
Geography
Jan 30, 2010
Go to Creator's Profile
Score Distribution
Quiz Creator Spotlight
horselover96
Follow
Send a Message
Quizzes Created
-
Created Quiz Play Count
-
More By This Creator
Popular Quizzes Today
1
Find the US States - No Outlines Minefield
2
Find the US States
3
The Countries of the World
4
10 Largest US States in Order
5
Find the Countries of Europe - No Outlines Minefield
6
US States
7
Guess the 'R' Things in 3 Words
8
NBA Finals Game Top Scorers (2010s)
More Music Quizzes
4 Decades of Music Hits II
Published
Trending Quizzes
First Name TV: Leading Men
Match the Book to the Film II
First Name TV: Leading Women Drama
3-Word Movies in 1 Word II
Match the Book to the Film VI
Recently Updated
Women's Final Four Teams by Year
bhenderson79
Presidents Quartet II
eogle
Anything But Clue(do)
eogle
Anything But Oceanian Capitals
eogle
Anything But 7
eogle
Anything But Thing
eogle
Word Ladder: February 29
pecheneg
Song Title Questions
pecheneg
Women's NCAA Tournament #1 Seeds
pecheneg
Celebrity Mug Shots
pecheneg
Trending Topics
Crossword
Anime
Harry Potter
Kpop
Marvel
NBA
Disney
Song
Puzzle
WWE
NFL
Country
Pokémon
Soccer
The Office
Your Account Isn't Verified!
In order to create a playlist on Sporcle, you need to verify the email address you used during registration. Go to your
Sporcle Settings
to finish the process.
Report this User
Report this user for behavior that violates our
Community Guidelines
.
Details:
Send Report
Go to the Sporcle.com Mobile Site →
Comments